=LDR 00000nam 2200000 4500 =001 INLIS000000000031497 =005 20130612133550 =008 ***********************************ind** =035 ##$$0010-061300000031497 =041 ##$$a ind =082 ##$$a 028.55 =090 ##$$a 028.55, Tri, p =100 ##$$a TRIBE, Comic =245 ##$$a Penemuan Air Conditioning , Comic Tribe =250 ##$$a Seri Penemuan =260 ##$$a Elex Media Komputindo $b Jakarta =300 ##$$a 28 hlm., , ilus., , 21 cm =650 ##$$a BACAAN ANAK-ANAK =850 ##$$a NBPNMAT